Most Streamed Artists on Spotify - Statistics

General Stats
  • This quiz has been taken 118 times
  • The average score is 32 of 50
Answer Stats
No.
No. Of Streams
(in Billions)
Their Song Artist % Correct
5 48.325 Shape Of You Ed Sheeran
94%
14 32.427 Umbrella Rihanna
90%
24 26.459 Uptown Funk Bruno Mars
89%
12 34.649 bad guy Billie Eilish
88%
37 21.290 Bad Romance Lady Gaga
87%
43 20.760 Rolling in the Deep Adele
86%
6 44.788 thank u, next Ariana Grande
86%
35 21.783 Watermelon Sugar Harry Styles
86%
1 82.201 Fortnight Taylor Swift
86%
2 76.110 One Dance Drake
84%
8 42.351 Lose Yourself Eminem
84%
34 22.292 Bohemian Rhapsody Queen
84%
30 23.406 Single Ladies Beyoncé
82%
7 42.674 Sorry Justin Bieber
82%
45 20.006 Hips Don't Lie Shakira
82%
4 57.572 Save Your Tears The Weeknd
80%
18 31.053 Don't Start Now Dua Lipa
78%
19 30.175 Radioactive Imagine Dragons
78%
23 26.523 HUMBLE. Kendrick Lamar
77%
9 39.291 Circles Post Malone
74%
46 19.049 Hey Jude The Beatles
74%
16 31.716 Yellow Cold Play
73%
20 28.443 SAD! XXXTENTACION
73%
38 21.098 What Makes You Beautiful One Direction
71%
17 31.287 SICKO MODE Travis Scott
71%
13 32.936 Lucid Dreams Juice WRLD
70%
25 26.280 Sugar Maroon 5
68%
11 38.603 Dynamite BTS
67%
28 23.812 Summertime Sadness Lana Del Rey
67%
3 73.340 MONACO Bad Bunny
64%
29 23.739 Stitches Shawn Mendes
64%
40 20.878 Super Bass Nicki Minaj
62%
49 18.896 Say So Doja Cat
61%
10 38.916 Stronger Kanye West
61%
22 27.362 Titanium David Guetta
53%
31 23.125 Stay With Me Sam Smith
53%
36 21.570 Mask Off Future
51%
39 21.011 No Role Modelz J. Cole
50%
47 18.955 Do I Wanna Know? Arctic Monkeys
49%
48 18.950 In the End Linkin Park
49%
41 20.776 Dior Pop Smoke
39%
15 32.402 Mi Gente J. Balvin
37%
27 24.081 Summer Calvin Harris
36%
33 22.485 Gasolina Daddy Yankee
36%
50 18.822 Good Days SZA
31%
26 25.787 Location Khalid
30%
21 27.719 Taki Taki Ozuna
20%
32 22.933 Tusa KAROL G
19%
42 20.769 Todo de Ti Rauw Alejandro
12%
44 20.509 China Anuel AA
10%
No matching quizzes found
Score Distribution
Percent of People with Each Score
Percentile by Number Answered
Your Score History
You have not taken this quiz